LEADER 00907nam0 22002531i 450 001 UON00131857 005 20231205102759.865 100 $a20020107d1979 |0itac50 ba 101 $abal 102 $aPK 105 $a|||| 1|||| 200 1 $aBaloci 'isqiya sa'ri$fGul Xan Naser 210 $aQuetta$cBaluchi Academy$d1979 215 $a327 p.$d22 cm 620 $aPK$dQuetta$3UONL000284 686 $aSI VI G$cSUBCONT. INDIANO - LETTERATURA BALUCHI$2A 700 1$aNASER$bGul Xan$3UONV080999$0669089 712 $aBaluchi Academy$3UONV246324$4650 801 $aIT$bSOL$c20240220$gRICA 899 $aSIBA - SISTEMA BIBLIOTECARIO DI ATENEO$2UONSI 912 $aUON00131857 950 $aSIBA - SISTEMA BIBLIOTECARIO DI ATENEO$dSI SI VI G 035 $eSI SA 77658 5 035 996 $aBaloci 'isqiya sa'ri$91313859 997 $aUNIOR